| 000 | 00641 a2200205 4500 | ||
|---|---|---|---|
| 010 | _aENG-85710 | ||
| 020 |
_a8183331874 _c180.00 |
||
| 035 | _aEN-69243 | ||
| 037 | _bD.B.Act / Pub | ||
| 082 | 1 | 4 | _a005.42 |
| 090 |
_c3388 _d3388 |
||
| 100 | 1 | _aBailey, Oliver. | |
| 245 | 1 | 0 |
_aEmbedded systems _bdesktop integration _cOliver H. Bailey. |
| 260 |
_aNew Delhi _bBPB Publications _c2007 |
||
| 300 |
_axix, 472 p. : _bill. ; _c21 cm. (Pbk) |
||
| 500 | _aIncludes index. | ||
| 650 | 0 | _aEmbedded computer systems. | |
| 942 |
_adpl _cEN _k005.42 / BAI |
||
| 999 |
_c3321 _d3321 |
||